Laureaci Nagrody Nobla w dziedzinie literatury - Statystyki

Ogólne statystyki
  • Ten quiz został rozwiązany 182 razy
  • Średni wynik to 18 z 119
Statystyki odpowiedzi
Hint Odpowiedź % Poprawnych
2018 Olga Tokarczuk
97%
1996 Wisława Szymborska
93%
1980 Czesław Miłosz
83%
1905 Henryk Sienkiewicz
79%
1924 Władysław Reymont
79%
1954 Ernest Hemingway
52%
1982 Gabriel García Márquez
48%
1962 John Steinbeck
45%
1957 Albert Camus
41%
1929 Thomas Mann
34%
1953 Winston Churchill
34%
2016 Bob Dylan
31%
1999 Günter Grass
31%
1971 Pablo Neruda
31%
1970 Aleksandr Sołżenicyn
28%
2004 Elfriede Jelinek
28%
1964 Jean-Paul Sartre
28%
1969 Samuel Beckett
28%
1998 José Saramago
24%
2017 Kazuo Ishiguro
24%
2006 Orhan Pamuk
24%
1907 Rudyard Kipling
24%
1949 William Faulkner
24%
1946 Hermann Hesse
21%
2022 Annie Ernaux
17%
1950 Bertrand Russell
17%
1958 Boris Pasternak
17%
1920 Knut Hamsun
17%
1909 Selma Lagerlöf
17%
1928 Sigrid Undset
17%
2015 Swiatłana Aleksijewicz
17%
1948 Thomas Stearns Eliot
17%
1993 Toni Morrison
17%
1997 Dario Fo
14%
1925 George Bernard Shaw
14%
1978 Isaac Bashevis Singer
14%
1933 Iwan Bunin
14%
1932 John Galsworthy
14%
2003 John Maxwell Coetzee
14%
2010 Mario Vargas Llosa
14%
1911 Maurice Maeterlinck
14%
1965 Michaił Szołochow
14%
1913 Rabindranath Tagore
14%
1930 Sinclair Lewis
14%
1923 William Butler Yeats
14%
1983 William Golding
14%
2013 Alice Munro
10%
1947 André Gide
10%
1903 Bjørnstjerne Bjørnson
10%
1985 Claude Simon
10%
2007 Doris Lessing
10%
1952 François Mauriac
10%
1912 Gerhart Hauptmann
10%
1927 Henri Bergson
10%
1987 Iosif Brodski
10%
1961 Ivo Andrić
10%
2020 Louise Glück
10%
1934 Luigi Pirandello
10%
1951 Pär Lagerkvist
10%
2019 Peter Handke
10%
1915 Romain Rolland
10%
1976 Saul Bellow
10%
1901 Sully Prudhomme
10%
2021 Abdulrazak Gurnah
7%
1921 Anatole France
7%
1989 Camilo José Cela
7%
1981 Elias Canetti
7%
1936 Eugene O’Neill
7%
1945 Gabriela Mistral
7%
2000 Gao Xingjian
7%
1955 Halldór Laxness
7%
2005 Harold Pinter
7%
1972 Heinrich Böll
7%
2009 Herta Müller
7%
2002 Imre Kertész
7%
1984 Jaroslav Seifert
7%
2008 Jean-Marie Gustave Le Clézio
7%
2012 Mo Yan
7%
1991 Nadine Gordimer
7%
1966 Nelly Sachs
7%
1990 Octavio Paz
7%
2014 Patrick Modiano
7%
1973 Patrick White
7%
1938 Pearl Buck
7%
1937 Roger Martin du Gard
7%
1960 Saint-John Perse
7%
1902 Theodor Mommsen
7%
2001 V.S. Naipaul
7%
1968 Yasunari Kawabata
7%
1919 Carl Spitteler
3%
1992 Derek Walcott
3%
1931 Erik Axel Karlfeldt
3%
1975 Eugenio Montale
3%
1974 Eyvind Johnson
3%
1939 Frans Sillanpää
3%
1904 Frédéric Mistral
3%
1906 Giosuè Carducci
3%
1926 Grazia Deledda
3%
1974 Harry Martinson
3%
1917 Henrik Pontoppidan
3%
1922 Jacinto Benavente
3%
1944 Johannes Jensen
3%
1963 Jorgos Seferis
3%
1904 José Echegaray
3%
1956 Juan Ramón Jiménez
3%
1917 Karl Gjellerup
3%
1994 Kenzaburō Ōe
3%
1967 Miguel Ángel Asturias
3%
1988 Nadżib Mahfuz
3%
1979 Odiseas Elitis
3%
1910 Paul Heyse
3%
1908 Rudolf Eucken
3%
1959 Salvatore Quasimodo
3%
1966 Samuel Agnon
3%
1995 Seamus Heaney
3%
2011 Tomas Tranströmer
3%
1916 Verner von Heidenstam
3%
1977 Vicente Aleixandre
3%
1986 Wole Soyinka
3%
Nie znaleziono quizów pasujących do podanych kryteriów
Rozkład punktacji
Procent ludzi z każdym wynikiem
Percentyl według liczby udzielonych odpowiedzi
Twoja historia wyników
Nie rozwiązałeś tego quizu